Релейная защита систем электроснабжения в примерах и задачах: учебное пособие

ग्रंथसूची विवरण
मुख्य लेखक: Андреев В. А. Василий Андреевич
सारांश:В учебном пособии даны задачи и примеры выбора и расчета параметров токовых и направленных токовых защит линий электропередачи напряжением выше 1 кВ, защиты плавкими предохранителями и расцепителями автоматических выключателей линий в сетях напряжением до 1 кВ, защиты понижающих трансформаторов и высоковольтных и низковольтных электродвигателей. В задачах и примерах рассмотрены тепловые, электромеханические и аналоговые реле, а также микропроцессорные комплектные устройства SPAC801.01 и SPAC 802.01. Для студентов вузов, обучающихся по специальности «Электроснабжение», может быть использовано для повышения квалификации эксплуатационного персонала систем электроснабжения.
भाषा:रूसी
प्रकाशित: Москва, Высшая школа, 2008
श्रृंखला:Для высших учебных заведений
Электроника
विषय:
स्वरूप: पुस्तक
KOHA link:https://koha.lib.tpu.ru/cgi-bin/koha/opac-detail.pl?biblionumber=151396

MARC

LEADER 00000nam0a2200000 4500
001 151396
005 20231101221545.0
010 |a 9785060058284 
035 |a (RuTPU)RU\TPU\book\164140 
090 |a 151396 
100 |a 20090122d2008 m y0rusy50 ca 
101 0 |a rus 
102 |a RU 
105 |a a j 001zy 
200 1 |a Релейная защита систем электроснабжения в примерах и задачах  |e учебное пособие  |f В. А. Андреев 
210 |a Москва  |c Высшая школа  |d 2008 
215 |a 252 с.  |c ил. 
225 1 |a Для высших учебных заведений 
225 1 |a Электроника 
320 |a Список литературы: с. 258-249. 
330 |a В учебном пособии даны задачи и примеры выбора и расчета параметров токовых и направленных токовых защит линий электропередачи напряжением выше 1 кВ, защиты плавкими предохранителями и расцепителями автоматических выключателей линий в сетях напряжением до 1 кВ, защиты понижающих трансформаторов и высоковольтных и низковольтных электродвигателей. В задачах и примерах рассмотрены тепловые, электромеханические и аналоговые реле, а также микропроцессорные комплектные устройства SPAC801.01 и SPAC 802.01. Для студентов вузов, обучающихся по специальности «Электроснабжение», может быть использовано для повышения квалификации эксплуатационного персонала систем электроснабжения. 
606 1 |a Электрические линии передачи  |x Релейная защита  |2 stltpush  |3 (RuTPU)RU\TPU\subj\27003  |9 50817 
606 1 |a Электрические сети  |x Релейная защита  |2 stltpush  |3 (RuTPU)RU\TPU\subj\27425  |9 51185 
610 1 |a токовые защиты 
610 1 |a плавкие предохранители 
610 1 |a автоматические выключатели 
610 1 |a расцепители 
610 1 |a трансформаторы 
610 1 |a электродвигатели 
610 1 |a карты селективности 
610 1 |a защитные характеристики 
610 1 |a примеры 
610 1 |a задачи 
610 1 |a учебные пособия 
610 1 |a электротехника 
610 1 |a электроснабжение 
610 1 |a микропроцессоры 
610 1 |a электромеханика 
675 |a 621.316.925.1(076)  |v 3 
700 1 |a Андреев  |b В. А.  |g Василий Андреевич 
801 1 |a RU  |b 63413507  |c 20090122  |g PSBO 
801 2 |a RU  |b 63413507  |c 20150616  |g PSBO 
900 |a Релейная защита 
900 |a Релейная защита и автоматика систем электроснабжения 
900 |a Релейная защита и автоматика электроэнергетических систем 
942 |c BK 
951 |b 140200  |b 140211 
959 |a 10/20090122  |d 5  |e 253,00  |f АНЛ:1  |f ЧЗТЛ:1  |f УФ:3